The female mouse : (Record no. 355496)
[ view plain ]
| 000 -LEADER | |
|---|---|
| fixed length control field | 00518nam a2200193Ia 4500 |
| 008 - FIXED-LENGTH DATA ELEMENTS--GENERAL INFORMATION | |
| fixed length control field | 180207s9999 xx 000 0 und d |
| 020 ## - INTERNATIONAL STANDARD BOOK NUMBER | |
| International Standard Book Number | 9781575820552 |
| 050 ## - LIBRARY OF CONGRESS CALL NUMBER | |
| Item number | R313 1997 |
| 100 ## - MAIN ENTRY--PERSONAL NAME | |
| Personal name | Reddy, Kumuda |
| 245 #4 - TITLE STATEMENT | |
| Title | The female mouse : |
| 245 ## - TITLE STATEMENT | |
| Remainder of title | a timeless story / |
| 245 ## - TITLE STATEMENT | |
| Statement of responsibility, etc | retold by Kumuda Reddy and John Emory Pruitt ; illustrated by Vasu. |
| 260 ## - PUBLICATION, DISTRIBUTION, ETC. (IMPRINT) | |
| Place of publication, distribution, etc | New York : |
| 260 ## - PUBLICATION, DISTRIBUTION, ETC. (IMPRINT) | |
| Name of publisher, distributor, etc | Timeless Stories, |
| 260 ## - PUBLICATION, DISTRIBUTION, ETC. (IMPRINT) | |
| Date of publication, distribution, etc | 1997 |
| 300 ## - PHYSICAL DESCRIPTION | |
| Extent | 30 pages : |
| 300 ## - PHYSICAL DESCRIPTION | |
| Other physical details | color illustration ; |
| 300 ## - PHYSICAL DESCRIPTION | |
| Dimensions | 28cm. |
| Withdrawn status | Lost status | Damaged status | Home library | Current library | Date acquired | Total Checkouts | Full call number | Barcode | Date last seen | Price effective from | Koha item type |
|---|---|---|---|---|---|---|---|---|---|---|---|
| Stonyhurst Southville International School (Malarayat) | Stonyhurst Southville International School (Malarayat) | 02/07/2018 | ER R313 1997 | SSISM5041 | 02/07/2018 | 02/07/2018 | Books |